Statistics for Count As Low As You Can Backwards - 30 Second Sprint

Click here to take the quiz!

General Stats

  • This quiz has been taken 19 times
  • The average score is 40 of 100

Answer Stats

Number% Correct
100
100%
91
100%
92
100%
93
100%
94
100%
95
100%
96
100%
97
100%
98
100%
99
100%
80
90%
81
90%
82
90%
83
90%
84
90%
85
90%
86
90%
87
90%
88
90%
89
90%
90
90%
74
80%
75
80%
76
80%
77
80%
78
80%
79
80%
72
70%
73
70%
69
60%
70
60%
71
60%
52
50%
53
50%
54
50%
55
50%
56
50%
57
50%
58
50%
59
50%
60
50%
61
50%
62
50%
63
50%
64
50%
65
50%
66
50%
67
50%
68
50%
51
40%
50
30%
37
20%
38
20%
39
20%
40
20%
41
20%
42
20%
43
20%
44
20%
45
20%
46
20%
47
20%
48
20%
49
20%
32
10%
33
10%
34
10%
35
10%
36
10%
1
0%
10
0%
11
0%
12
0%
13
0%
14
0%
15
0%
16
0%
17
0%
18
0%
19
0%
2
0%
20
0%
21
0%
22
0%
23
0%
24
0%
25
0%
26
0%
27
0%
28
0%
29
0%
3
0%
30
0%
31
0%
4
0%
5
0%
6
0%
7
0%
8
0%
9
0%

Score Distribution

Percentile by Number Answered

Percent of People with Each Score

Your Score History

You have not taken this quiz